Strategy Video Games - Statistics

General Stats
  • This quiz has been taken 61 times
  • The average score is 6 of 16
Answer Stats
Picture Answer % Correct
Hearts of Iron IV
82%
Civilization V
78%
Age of Empires 2
70%
Crusader Kings II
66%
SimCity 2000
64%
Rome: Total War
50%
Stronghold
50%
Command & Conquer: Red Alert
36%
Warhammer 40,000: Dawn of War
36%
Company of Heroes
26%
Dune 2
26%
Halo Wars
22%
Advance Wars
18%
Heroes of Might and Magic III
16%
Disciples
6%
Disgea 5
2%
No matching quizzes found
Score Distribution
Percent of People with Each Score
Percentile by Number Answered
Your Score History
You have not taken this quiz